MDQL
is popping MORE tags! Check the
thread
!
Quizzes
Events
Quiz Creation
Community
Videos
Private Events
Remove Ads
Sign In
Join for FREE
Feedback
Dark Mode
Quiz Categories
Sports
Geography
Music
Movies
Television
Just For Fun
Miscellaneous
History
Literature
Language
Science
Gaming
Entertainment
Religion
Holiday
For Kids
Quiz Lab
Recent
Popular Today
Quiz Kudos Today
Editor Picks
Curator Picks
Quizzes by...
Day
Popularity
Type
Ratings
Length
Year
Community
Subscriptions
Recent Discussions
Orange Saloon
Badges
Playlists
Quests
Create
Leaderboards
Showdown
Live 5
Trivia Bingo
Activity
Puzzle Library
Sporcle Events
Private Events
Virtual Trivia
Globe League
Become a Host
Pub Owners
SporcleCon
Opinionation
Our Games
Videos
Blog
Mobile Apps
Partnerships
Remove Ads and Go Orange
Feedback
Language
Vocabulary
Begins and Ends
Definition
Spanish
French
German
Italian
Chinese
Latin
Translation
Japanese
Language
Vocabulary
Begins and Ends
Definition
Spanish
French
German
Italian
Chinese
Latin
Translation
Japanese
Random Quiz
Search Sporcle
×
Quiz Lab
Quiz Lab
Language
form
Type in answers that appear in a list
Type in answers that appear in a list
Classic
Best Score? Go Orange.
Mandatos Tú - Tarea para jueves el 29 de Noviembre Stats
Can you provide the correct form of the affirmative or negative tú command?
By
Franson
10m
17 Questions
196 Plays
196 Plays
196 Plays
Comments
Comments
Give Quiz Kudos
Give Quiz Kudos
-
- Ratings
hide this ad
Replay
Link that replays current quiz
Next Quiz
Link to next quiz in quiz playlist
You Got
0%
They Got
Avg Score
69%
Avg Friend Score
Upgrade to see
Score Distribution
Jump to the score distribution portion of the page
Score
0/17
Timer
10:00
0
Plays Today
El verbo
Mandato
% Correct
#1 -
dejar de (negativo)
no dejes de
89.9%
#2-
tocar (negativo)
no toques
89.9%
#11-
decir (afirmativo)
di
75.4%
#5-
jugar (negativo)
no juegues
74.6%
#13-
ir (negativo)
no vayas
74.6%
#12-
poner (negativo)
no pongas
73.9%
#3-
entrenarse (afirmativo)
entrénate
68.8%
#18-
dar (afirmativo)
da
68.8%
#16-
ser (negativo)
no seas
68.8%
El verbo
Mandato
% Correct
#24-
entregar (afirmativo)
entrega
65.2%
#17-
salir (negativo)
no salgas
64.5%
#25-
alimentar (afirmativo)
alimenta
63.8%
#9-
preocuparse (negativo)
no te preocupes
60.9%
#22-
empezar (afirmativo)
empieza
60.9%
#23-
platicar (negativo)
no platiques
60.9%
#20-
pedir (afirmativo)
pide
59.4%
#21-
bostezar (negativo)
no bosteces
58.7%
Quiz Playlist
Details
Report
Send in Message
Add To Playlist
Classic:
Type in answers that appear in a list
Last Updated: Nov 28, 2018
Quiz Scoreboard
CHALLENGE
Sign Up to Join the Scoreboard
Show All
Scores
Hide
Comments
May contain spoilers
Recently Published
Street Fighter Characters
by Artimus82
Gaming
60s
9x9 Crossword: Cartoon Network
by jackfrog10
Miscellaneous
3m
College Basketball Coaching Resumes
by pancakes188
Sports
9m
More to Explore
Quiz From the Vault
Featured Blog Post
Where Did the Easter Bunny Come From?
hide this ad
You Might Also Like...
Tags
Command
form
Mandate
Negative
para
Provide
Verbo
Today's Top Quizzes in Language
Browse Language
hide this ad
Today's Top Quizzes in form
Browse form
Top Contributed Quizzes in Language
1
1-10 Letter F Words III
2
1-10 Letter G Words III
3
1-10 Letter H Words III
4
Alphabetize! : 'As' words
5
Celtic Nations in their Language
6
1-10 Letter I Words III
7
One Thing in Common: Italy
8
Order Up: Top 10 Most Native Spoken Languages
9
1-10 Letter J Words III
10
Weisst du, aus welchen Sprachen diese Wörter stammen?
Explore More
Trending Topics
Harry Potter
Disney
NBA
Marvel
Anime
Kpop
Crossword
Pokémon
Puzzle
Song
WWE
The Office
Soccer
NFL
Country
hide this ad
More By:
Franson
Quiz
Plays
Rating
Category
Featured
Created
Concordancia de nombres y adjetivos Franson
497
Language
Sep 4, 2014
Regular preterite, -car/-gar/-zar,
442
Language
Oct 9, 2014
Recomendaciones y emociones para la vida.
324
5.00
Language
Mar 3, 2016
La formación del subjuntivo
320
Language
Feb 8, 2015
Ser y Estar
281
4.00
Language
Oct 22, 2015
Go to Creator's Profile
Score Distribution
Quiz Creator Spotlight
Franson
Follow
Send a Message
Quizzes Created
-
Created Quiz Play Count
-
More By This Creator
Popular Quizzes Today
1
Find the US States - No Outlines Minefield
2
Find the Countries of Europe - No Outlines Minefield
3
The Countries of the World
4
Find the US States
5
Risky Map Clicking: Biggest States A-Z
6
US States
7
Popular People in 1961
8
Movies - When Are They Set?
More Language Quizzes
Belgrade in 15 languages
Quiz Lab
Trending Quizzes
Risky Map Clicking: Least Populous States A-Z
Countries of the World: 200 Million BC
1-10 Letter G Words
Risky Map Clicking: Next State Alphabetically
Adjectives in 80s TV Shows
Recently Updated
Leaping Animals
pecheneg
Reality TV Shows (A-Z)
bhenderson79
Rickey Henderson's Hall of Fame Teammates
pecheneg
Champions League XIs: Arsenal
pecheneg
Quick Pick: Celebrities in WWE's Hall of Fame
aduchscher
A-Z Keypad Blitz II
pecheneg
Multiple Oscar Actors
pecheneg
Mystery Phrase Blitz: Oscar 'Best Actors'
pecheneg
F. Scott Fitzgerald Novels
LTH
Pick 3 Villains
ddd62291
Trending Topics
Anime
Crossword
NBA
Disney
Marvel
Kpop
Harry Potter
Pokémon
NFL
The Office
Soccer
Country
Song
WWE
Puzzle
Your Account Isn't Verified!
In order to create a playlist on Sporcle, you need to verify the email address you used during registration. Go to your
Sporcle Settings
to finish the process.
Report this User
Report this user for behavior that violates our
Community Guidelines
.
Details:
Send Report
Go to the Sporcle.com Mobile Site →
Comments